অমর একুশে / (Record no. 68937)
[ view plain ]
| 000 -LEADER | |
|---|---|
| fixed length control field | 00775nam a2200229 a 4500 |
| 001 - CONTROL NUMBER | |
| control field | 68937 |
| 003 - CONTROL NUMBER IDENTIFIER | |
| rucl marc code | BD-RjUL |
| 005 - DATE AND TIME OF LATEST TRANSACTION | |
| control field | 20211209081830.0 |
| 008 - FIXED-LENGTH DATA ELEMENTS--GENERAL INFORMATION | |
| fixed length control field | 170408s1985 bg |||| |||| 000 0 ben d |
| 020 ## - INTERNATIONAL STANDARD BOOK NUMBER | |
| Terms of availability | : Tk. 15.00 |
| 035 ## - SYSTEM CONTROL NUMBER | |
| System control number | (BD-RjUL)69148 |
| 040 ## - CATALOGING SOURCE | |
| Original cataloging agency | BD-RjUL |
| Language of cataloging | ben |
| Transcribing agency | BD-RjUL |
| Modifying agency | BD-RjUL |
| 041 ## - LANGUAGE CODE | |
| Language code of text/sound track or separate title | Ben |
| 082 ## - DEWEY DECIMAL CLASSIFICATION NUMBER | |
| Edition number | 23 |
| Classification number | 306.44095492 |
| Author mark and year | MAA 1985 |
| 100 1# - MAIN ENTRY--PERSONAL NAME | |
| Personal name | মামুদ, হায়াৎ |
| 9 (RLIN) | 204272 |
| 245 1# - TITLE STATEMENT | |
| Title | অমর একুশে / |
| Statement of responsibility, etc. | হায়াৎ মামুদ |
| 260 ## - PUBLICATION, DISTRIBUTION, ETC. (IMPRINT) | |
| Place of publication, distribution, etc. | ঢাকা : |
| Name of publisher, distributor, etc. | বাংলা একাডেমী, |
| Date of publication, distribution, etc. | ১৯৮৫ [১৩৯২] |
| 300 ## - PHYSICAL DESCRIPTION | |
| Pagination | ১১৯ পৃ. ; |
| Size | ১৭ সেমি. |
| 650 ## - SUBJECT ADDED ENTRY--TOPICAL TERM | |
| Topical term or geographic name as entry element | ভাষা |
| 9 (RLIN) | 123477 |
| Geographic subdivision | বাংলাদেশ |
| Topical term or geographic name as entry element | Language |
| 9 (RLIN) | 123478 |
| Geographic subdivision | Bangladesh |
| 942 ## - ADDED ENTRY ELEMENTS (KOHA) | |
| Source of classification or shelving scheme | Dewey Decimal Classification |
| Koha item type | Books |
| Lost status | Source of classification or shelving scheme | Damaged status | Not for loan | Collection code | Permanent Location | Current Location | Shelving location | Date acquired | Source of acquisition | Cost, normal purchase price | Total Checkouts | Full call number | Date last seen | Copy number | Koha item type |
|---|---|---|---|---|---|---|---|---|---|---|---|---|---|---|---|
| Dewey Decimal Classification | Not For Loan | Non-fiction | Central Library, University of Rajshahi | Central Library, University of Rajshahi | Reading Room | 29/03/1987 | Bangla Academi, Dhaka | 15.00 | 306.44095492 MAA 1985 | 08/04/2017 | C-1 | Books |